[Event "DVM U16 2018"]
[Site "Aurich GER"]
[Date "2018.12.28"]
[Round "4"]
[White "Pölt, Christoph"]
[Black "Knüdel, Torben"]
[Result "1-0"]
[Termination "normal"]
[Board "3.1"]
[WhiteElo "2075"]
[BlackElo "2204"]
[WhiteClock "00:06:42"]
[BlackClock "00:18:41"]
[WhiteTeam "TV Tegernsee"]
[BlackTeam "Post SV Uelzen"]
[PlyCount "101"]
[WhiteFideId "12960853"]
[BlackFideId "16208820"]
[EventCountry "GER"]
[EventRounds "7"]
[EventType "team-swiss"]
[EventDate "2018.12.26"]

1. d4 {[%clk 01:30:57]} {[%emt 00:00:02]} Nf6 {[%clk 01:30:51]} {[%emt
00:00:09]} 2. c4 {[%clk 01:31:22]} {[%emt 00:00:06]} g6 {[%clk 01:31:13]}
{[%emt 00:00:08]} 3. Nc3 {[%clk 01:31:46]} {[%emt 00:00:05]} Bg7 {[%clk
01:31:41]} {[%emt 00:00:03]} 4. e4 {[%clk 01:32:07]} {[%emt 00:00:08]} d6
{[%clk 01:32:08]} {[%emt 00:00:03]} 5. Nf3 {[%clk 01:32:26]} {[%emt 00:00:11]}
O-O {[%clk 01:32:34]} {[%emt 00:00:04]} 6. Be2 {[%clk 01:32:51]} {[%emt
00:00:06]} e5 {[%clk 01:33:03]} 7. Be3 {[%clk 01:32:53]} {[%emt 00:00:28]} Ng4
{[%clk 01:33:05]} {[%emt 00:00:28]} 8. Bg5 {[%clk 01:33:17]} {[%emt 00:00:06]}
f6 {[%clk 01:33:22]} {[%emt 00:00:12]} 9. Bh4 {[%clk 01:33:23]} {[%emt
00:00:23]} Qe8 {[%clk 01:20:18]} {[%emt 00:13:35]} 10. h3 {[%clk 01:23:39]}
{[%emt 00:10:14]} Nh6 {[%clk 01:20:23]} {[%emt 00:00:25]} 11. Nd5 {[%clk
01:18:12]} {[%emt 00:05:57]} Na6 {[%clk 01:14:45]} {[%emt 00:06:07]} 12. dxe5
{[%clk 01:09:41]} {[%emt 00:09:02]} dxe5 {[%clk 01:13:16]} {[%emt 00:01:59]}
13. Qd2 {[%clk 00:52:43]} {[%emt 00:17:29]} g5 {[%clk 01:09:27]} {[%emt
00:04:18]} 14. Bg3 {[%clk 00:52:55]} {[%emt 00:00:19]} c6 {[%clk 01:08:53]}
{[%emt 00:01:03]} 15. Nc3 {[%clk 00:50:35]} {[%emt 00:02:50]} Be6 {[%clk
01:04:20]} {[%emt 00:05:02]} 16. a3 {[%clk 00:47:45]} {[%emt 00:03:21]} Nc5
{[%clk 01:03:45]} {[%emt 00:01:04]} 17. Qc2 {[%clk 00:42:35]} {[%emt 00:05:41]}
a5 {[%clk 01:03:23]} {[%emt 00:00:52]} 18. b3 {[%clk 00:41:17]} {[%emt
00:01:48]} Qf7 {[%clk 01:00:30]} {[%emt 00:03:22]} 19. O-O {[%clk 00:36:27]}
{[%emt 00:05:20]} a4 {[%clk 00:53:37]} {[%emt 00:07:23]} 20. Nxa4 {[%clk
00:36:01]} {[%emt 00:00:56]} Nxa4 {[%clk 00:53:59]} {[%emt 00:00:08]} 21. bxa4
{[%clk 00:36:27]} {[%emt 00:00:05]} Ra5 {[%clk 00:52:04]} {[%emt 00:02:24]} 22.
Rab1 {[%clk 00:35:57]} {[%emt 00:01:00]} Rfa8 {[%clk 00:48:12]} {[%emt
00:04:21]} 23. Rb6 {[%clk 00:30:18]} {[%emt 00:06:11]} Rxa4 {[%clk 00:43:24]}
{[%emt 00:05:17]} 24. Rfb1 {[%clk 00:29:59]} {[%emt 00:00:49]} Bc8 {[%clk
00:42:22]} {[%emt 00:01:31]} 25. c5 {[%clk 00:29:00]} {[%emt 00:01:30]} Bf8
{[%clk 00:40:11]} {[%emt 00:02:41]} 26. R1b4 {[%clk 00:26:19]} {[%emt
00:03:11]} Rxb4 {[%clk 00:39:53]} {[%emt 00:00:48]} 27. axb4 {[%clk 00:23:18]}
{[%emt 00:03:32]} Qe7 {[%clk 00:39:33]} {[%emt 00:00:49]} 28. Nd2 {[%clk
00:21:39]} {[%emt 00:02:10]} Nf7 {[%clk 00:33:45]} {[%emt 00:06:18]} 29. Nb3
{[%clk 00:19:54]} {[%emt 00:02:14]} Be6 {[%clk 00:26:36]} {[%emt 00:07:38]} 30.
Na5 {[%clk 00:19:34]} {[%emt 00:00:51]} Nd8 {[%clk 00:25:12]} {[%emt 00:01:53]}
31. Bc4 {[%clk 00:18:41]} {[%emt 00:01:24]} Bxc4 {[%clk 00:23:32]} {[%emt
00:02:10]} 32. Qxc4+ {[%clk 00:18:09]} {[%emt 00:01:02]} Kg7 {[%clk 00:23:14]}
{[%emt 00:00:48]} 33. Kh2 {[%clk 00:17:42]} {[%emt 00:00:58]} Ra7 {[%clk
00:21:35]} {[%emt 00:02:08]} 34. f3 {[%clk 00:17:02]} {[%emt 00:01:11]} Qd7
{[%clk 00:20:54]} {[%emt 00:01:08]} 35. Be1 {[%clk 00:09:12]} {[%emt 00:08:22]}
Ne6 {[%clk 00:11:53]} {[%emt 00:09:31]} 36. Rxb7 {[%clk 00:04:03]} {[%emt
00:05:39]} Rxb7 {[%clk 00:12:15]} {[%emt 00:00:08]} 37. Nxb7 {[%clk 00:04:28]}
{[%emt 00:00:05]} Nf4 {[%clk 00:12:24]} {[%emt 00:00:21]} 38. Na5 {[%clk
00:03:58]} {[%emt 00:01:01]} Qd1 {[%clk 00:11:11]} {[%emt 00:01:43]} 39. Qc3
{[%clk 00:03:05]} {[%emt 00:01:23]} Qe2 {[%clk 00:10:01]} {[%emt 00:01:39]} 40.
Qd2 {[%clk 00:03:02]} {[%emt 00:00:33]} Qf1 {[%clk 00:10:23]} {[%emt 00:00:08]}
41. Bg3 {[%clk 00:22:11]} {[%emt 00:11:21]} Nd3 {[%clk 00:29:00]} {[%emt
00:11:52]} 42. Nxc6 {[%clk 00:18:06]} {[%emt 00:04:36]} Qb1 {[%clk 00:28:33]}
{[%emt 00:00:56]} 43. Qc3 {[%clk 00:14:19]} {[%emt 00:04:19]} h5 {[%clk
00:21:48]} {[%emt 00:07:14]} 44. h4 {[%clk 00:12:54]} {[%emt 00:01:55]} g4
{[%clk 00:21:35]} {[%emt 00:00:44]} 45. fxg4 {[%clk 00:12:26]} {[%emt
00:00:58]} hxg4 {[%clk 00:22:00]} {[%emt 00:00:04]} 46. Qc4 {[%clk 00:10:47]}
{[%emt 00:02:09]} Nf4 {[%clk 00:17:52]} {[%emt 00:04:38]} 47. Nd8 {[%clk
00:09:02]} {[%emt 00:02:15]} Kh6 {[%clk 00:17:56]} {[%emt 00:00:25]} 48. Qg8
{[%clk 00:06:43]} {[%emt 00:02:49]} Bg7 {[%clk 00:18:11]} {[%emt 00:00:15]} 49.
Bxf4+ {[%clk 00:06:10]} {[%emt 00:01:04]} exf4 {[%clk 00:18:17]} {[%emt
00:00:24]} 50. Nf7+ {[%clk 00:06:24]} {[%emt 00:00:16]} Kg6 {[%clk 00:18:41]}
{[%emt 00:00:06]} 51. h5+ {[%clk 00:06:42]} {[%emt 00:00:12]} 1-0

[Event "DVM U16 2018"]
[Site "Aurich GER"]
[Date "2018.12.28"]
[Round "4"]
[White "von Estorff, Jacob"]
[Black "Schnegelberg, Christian"]
[Result "1/2-1/2"]
[Termination "normal"]
[Board "3.2"]
[WhiteElo "2001"]
[BlackElo "1836"]
[WhiteClock "00:52:08"]
[BlackClock "00:16:04"]
[WhiteTeam "Post SV Uelzen"]
[BlackTeam "TV Tegernsee"]
[PlyCount "37"]
[WhiteFideId "12974501"]
[BlackFideId "12994154"]
[EventCountry "GER"]
[EventRounds "7"]
[EventType "team-swiss"]
[EventDate "2018.12.26"]

1. e4 {[%clk 01:30:46]} {[%emt 00:00:14]} c5 {[%clk 01:30:54]} {[%emt
00:00:07]} 2. Nf3 {[%clk 01:30:42]} {[%emt 00:00:34]} Nc6 {[%clk 01:30:01]}
{[%emt 00:01:22]} 3. d4 {[%clk 01:31:03]} {[%emt 00:00:09]} cxd4 {[%clk
01:30:25]} {[%emt 00:00:07]} 4. Nxd4 {[%clk 01:31:26]} {[%emt 00:00:07]} g6
{[%clk 01:30:51]} {[%emt 00:00:04]} 5. Be3 {[%clk 01:31:04]} {[%emt 00:00:52]}
Bg7 {[%clk 01:29:54]} {[%emt 00:01:27]} 6. Nc3 {[%clk 01:31:24]} {[%emt
00:00:09]} Nf6 {[%clk 01:29:56]} {[%emt 00:00:28]} 7. Bc4 {[%clk 01:31:01]}
{[%emt 00:00:53]} O-O {[%clk 01:30:02]} {[%emt 00:00:24]} 8. f3 {[%clk
01:30:20]} {[%emt 00:01:11]} Qb6 {[%clk 01:26:36]} {[%emt 00:03:56]} 9. Qd3
{[%clk 01:18:08]} {[%emt 00:12:43]} Ne5 {[%clk 01:18:37]} {[%emt 00:08:28]} 10.
Qe2 {[%clk 01:17:58]} {[%emt 00:00:39]} Qxb2 {[%clk 01:14:35]} {[%emt
00:04:32]} 11. Kd2 {[%clk 01:12:56]} {[%emt 00:05:33]} Qb4 {[%clk 00:47:53]}
{[%emt 00:27:12]} 12. Bd3 {[%clk 01:11:00]} {[%emt 00:02:26]} Nxd3 {[%clk
00:26:50]} {[%emt 00:21:33]} 13. Qxd3 {[%clk 01:10:58]} {[%emt 00:00:32]} Qa5
{[%clk 00:23:46]} {[%emt 00:03:33]} 14. Rab1 {[%clk 01:09:24]} {[%emt
00:02:05]} b6 {[%clk 00:20:13]} {[%emt 00:04:03]} 15. Rb5 {[%clk 01:05:49]}
{[%emt 00:04:04]} Qa3 {[%clk 00:16:20]} {[%emt 00:04:22]} 16. Rb3 {[%clk
01:05:30]} {[%emt 00:00:51]} Qa5 {[%clk 00:15:19]} {[%emt 00:01:28]} 17. Rb5
{[%clk 00:59:51]} {[%emt 00:06:11]} Qa3 {[%clk 00:15:40]} {[%emt 00:00:09]} 18.
Rb3 {[%clk 00:52:08]} {[%emt 00:08:13]} Qa5 {[%clk 00:16:04]} {[%emt 00:00:07]}
19. Rb5 {[%emt 00:22:13]} 1/2-1/2

[Event "DVM U16 2018"]
[Site "Aurich GER"]
[Date "2018.12.28"]
[Round "4"]
[White "von Freymann, Franz"]
[Black "Askerov, Imamali"]
[Result "0-1"]
[Termination "normal"]
[Board "3.3"]
[WhiteElo "1819"]
[BlackElo "1964"]
[WhiteClock "00:11:13"]
[BlackClock "00:20:56"]
[WhiteTeam "TV Tegernsee"]
[BlackTeam "Post SV Uelzen"]
[PlyCount "112"]
[WhiteFideId "12994014"]
[BlackFideId "12974498"]
[EventCountry "GER"]
[EventRounds "7"]
[EventType "team-swiss"]
[EventDate "2018.12.26"]

1. d4 {[%clk 01:30:56]} {[%emt 00:00:03]} Nf6 {[%clk 01:30:50]} {[%emt
00:00:10]} 2. Bf4 {[%clk 01:31:17]} {[%emt 00:00:09]} d5 {[%clk 01:31:08]}
{[%emt 00:00:12]} 3. e3 {[%clk 01:31:39]} {[%emt 00:00:09]} c5 {[%clk
01:31:33]} {[%emt 00:00:05]} 4. c3 {[%clk 01:32:02]} {[%emt 00:00:07]} Nc6
{[%clk 01:31:57]} {[%emt 00:00:05]} 5. Nd2 {[%clk 01:32:08]} {[%emt 00:00:24]}
Bf5 {[%clk 01:32:09]} {[%emt 00:00:19]} 6. Ngf3 {[%clk 01:31:42]} {[%emt
00:00:56]} e6 {[%clk 01:32:26]} {[%emt 00:00:12]} 7. Be2 {[%clk 01:30:45]}
{[%emt 00:01:28]} h6 {[%clk 01:30:06]} {[%emt 00:02:50]} 8. Qb3 {[%clk
01:29:31]} {[%emt 00:01:43]} Qb6 {[%clk 01:28:08]} {[%emt 00:02:28]} 9. Qxb6
{[%clk 01:24:32]} {[%emt 00:05:29]} axb6 {[%clk 01:28:34]} {[%emt 00:00:05]}
10. Bb5 {[%clk 01:24:37]} {[%emt 00:00:24]} Nd7 {[%clk 01:26:19]} {[%emt
00:02:45]} 11. Ne5 {[%clk 01:22:52]} {[%emt 00:02:15]} Ndxe5 {[%clk 01:21:36]}
{[%emt 00:05:14]} 12. Bxe5 {[%clk 01:23:07]} {[%emt 00:00:15]} Kd7 {[%clk
01:15:52]} {[%emt 00:06:13]} 13. O-O {[%clk 01:20:00]} {[%emt 00:03:37]} f6
{[%clk 01:16:02]} {[%emt 00:00:21]} 14. Bg3 {[%clk 01:20:20]} {[%emt 00:00:10]}
Bd6 {[%clk 01:09:48]} {[%emt 00:06:43]} 15. Bxd6 {[%clk 01:15:57]} {[%emt
00:04:53]} Kxd6 {[%clk 01:10:13]} {[%emt 00:00:05]} 16. Rfe1 {[%clk 01:14:01]}
{[%emt 00:02:27]} Ra5 {[%clk 01:03:15]} {[%emt 00:07:28]} 17. a4 {[%clk
01:12:30]} {[%emt 00:02:00]} Rha8 {[%clk 00:53:13]} {[%emt 00:10:33]} 18. f3
{[%clk 01:05:34]} {[%emt 00:07:25]} Bg6 {[%clk 00:27:41]} {[%emt 00:26:03]} 19.
Nb3 {[%clk 00:55:48]} {[%emt 00:10:15]} R5a7 {[%clk 00:27:37]} {[%emt
00:00:34]} 20. e4 {[%clk 00:46:53]} {[%emt 00:09:24]} Rc8 {[%clk 00:22:09]}
{[%emt 00:05:59]} 21. Rac1 {[%clk 00:43:15]} {[%emt 00:04:08]} Raa8 {[%clk
00:20:20]} {[%emt 00:02:19]} 22. exd5 {[%clk 00:35:03]} {[%emt 00:08:42]} exd5
{[%clk 00:20:32]} {[%emt 00:00:19]} 23. dxc5+ {[%clk 00:25:22]} {[%emt
00:10:10]} bxc5 {[%clk 00:21:00]} {[%emt 00:00:02]} 24. Re2 {[%clk 00:20:03]}
{[%emt 00:05:48]} Re8 {[%clk 00:15:51]} {[%emt 00:05:40]} 25. Rce1 {[%clk
00:19:02]} {[%emt 00:01:31]} Rxe2 {[%clk 00:15:51]} {[%emt 00:00:32]} 26. Rxe2
{[%clk 00:19:27]} {[%emt 00:00:04]} Na7 {[%clk 00:13:36]} {[%emt 00:02:44]} 27.
Kf2 {[%clk 00:15:57]} {[%emt 00:04:00]} Nxb5 {[%clk 00:13:33]} {[%emt
00:00:33]} 28. axb5 {[%clk 00:16:11]} {[%emt 00:00:16]} Bd3 {[%clk 00:13:18]}
{[%emt 00:00:45]} 29. Rd2 {[%clk 00:14:34]} {[%emt 00:02:07]} Bxb5 {[%clk
00:13:07]} {[%emt 00:00:42]} 30. Nc1 {[%clk 00:13:13]} {[%emt 00:01:50]} f5
{[%clk 00:08:44]} {[%emt 00:04:53]} 31. Ne2 {[%clk 00:11:59]} {[%emt 00:01:44]}
Ke5 {[%clk 00:05:16]} {[%emt 00:03:58]} 32. f4+ {[%clk 00:10:02]} {[%emt
00:02:27]} Ke6 {[%clk 00:03:04]} {[%emt 00:02:40]} 33. Ng1 {[%emt 00:03:22]}
Ra4 {[%clk 00:02:34]} 34. g3 {[%clk 00:07:48]} {[%emt 00:00:54]} g5 {[%clk
00:02:19]} {[%emt 00:00:45]} 35. fxg5 {[%clk 00:06:42]} {[%emt 00:01:36]} hxg5
{[%clk 00:02:48]} {[%emt 00:00:01]} 36. Nf3 {[%clk 00:06:45]} {[%emt 00:00:26]}
g4 {[%clk 00:02:56]} {[%emt 00:00:23]} 37. Nh4 {[%clk 00:06:26]} {[%emt
00:00:50]} d4 {[%clk 00:01:41]} {[%emt 00:01:44]} 38. Ng2 {[%clk 00:05:36]}
{[%emt 00:01:20]} Ke5 {[%clk 00:01:33]} {[%emt 00:00:39]} 39. Nf4 {[%clk
00:03:59]} {[%emt 00:02:06]} Ra1 {[%clk 00:00:53]} {[%emt 00:01:11]} 40. cxd4+
{[%clk 00:01:26]} {[%emt 00:03:02]} cxd4 {[%clk 00:01:08]} {[%emt 00:00:15]}
41. Rc2 {[%clk 00:00:35]} {[%emt 00:01:20]} b6 {[%clk 00:30:07]} {[%emt
00:01:31]} 42. Rc7 {[%clk 00:29:06]} {[%emt 00:01:59]} Kd6 {[%clk 00:24:16]}
{[%emt 00:06:21]} 43. Rf7 {[%clk 00:27:13]} {[%emt 00:02:23]} Rf1+ {[%clk
00:20:59]} {[%emt 00:03:48]} 44. Kg2 {[%clk 00:27:36]} {[%emt 00:00:07]} Rxf4
{[%clk 00:20:06]} {[%emt 00:01:23]} 45. gxf4 {[%clk 00:26:39]} {[%emt
00:01:27]} d3 {[%clk 00:20:29]} {[%emt 00:00:07]} 46. Rxf5 {[%clk 00:24:23]}
{[%emt 00:02:45]} d2 {[%clk 00:20:42]} {[%emt 00:00:18]} 47. Rxb5 {[%clk
00:23:51]} {[%emt 00:01:02]} Kc6 {[%clk 00:20:51]} {[%emt 00:00:21]} 48. Rb3
{[%clk 00:17:38]} {[%emt 00:06:43]} d1=Q {[%clk 00:21:10]} {[%emt 00:00:11]}
49. Rc3+ {[%clk 00:17:59]} {[%emt 00:00:09]} Kd5 {[%clk 00:21:25]} {[%emt
00:00:15]} 50. Kg3 {[%clk 00:15:03]} {[%emt 00:03:26]} b5 {[%clk 00:20:58]}
{[%emt 00:00:57]} 51. Rc7 {[%clk 00:12:53]} {[%emt 00:02:40]} Qf3+ {[%clk
00:21:07]} {[%emt 00:00:21]} 52. Kh4 {[%clk 00:13:18]} {[%emt 00:00:06]} Qxf4
{[%clk 00:21:00]} {[%emt 00:00:36]} 53. Rb7 {[%clk 00:12:20]} {[%emt 00:01:27]}
g3+ {[%clk 00:20:56]} {[%emt 00:00:34]} 54. Kh3 {[%clk 00:11:25]} {[%emt
00:01:25]} gxh2 {[%clk 00:21:18]} {[%emt 00:00:09]} 55. Kg2 {[%clk 00:10:50]}
{[%emt 00:01:05]} Qd2+ {[%clk 00:21:19]} {[%emt 00:00:29]} 56. Kh1 {[%clk
00:11:13]} {[%emt 00:00:06]} Kc6 {[%clk 00:20:56]} 0-1

[Event "DVM U16 2018"]
[Site "Aurich GER"]
[Date "2018.12.28"]
[Round "4"]
[White "Rothenberg, Nina"]
[Black "Dietlmeier, Tobias"]
[Result "0-1"]
[Termination "normal"]
[Board "3.4"]
[WhiteElo "1696"]
[BlackElo "1769"]
[WhiteClock "01:21:21"]
[BlackClock "01:03:31"]
[WhiteTeam "Post SV Uelzen"]
[BlackTeam "TV Tegernsee"]
[PlyCount "40"]
[WhiteFideId "16208943"]
[BlackFideId "16213963"]
[EventCountry "GER"]
[EventRounds "7"]
[EventType "team-swiss"]
[EventDate "2018.12.26"]

1. e4 {[%clk 01:30:56]} {[%emt 00:00:04]} c6 {[%clk 01:30:38]} {[%emt
00:00:22]} 2. d4 {[%clk 01:31:21]} {[%emt 00:00:06]} d5 {[%clk 01:30:46]}
{[%emt 00:00:23]} 3. Nc3 {[%clk 01:31:46]} {[%emt 00:00:04]} dxe4 {[%clk
01:30:17]} {[%emt 00:00:59]} 4. Nxe4 {[%clk 01:32:09]} {[%emt 00:00:07]} Bf5
{[%clk 01:30:00]} {[%emt 00:00:47]} 5. Ng3 {[%clk 01:32:28]} {[%emt 00:00:11]}
Bg6 {[%clk 01:29:48]} {[%emt 00:00:42]} 6. N1e2 {[%clk 01:32:52]} {[%emt
00:00:06]} e6 {[%clk 01:28:01]} {[%emt 00:02:17]} 7. Nf4 {[%clk 01:32:13]}
{[%emt 00:01:10]} Bd6 {[%clk 01:27:18]} {[%emt 00:01:12]} 8. c3 {[%clk
01:30:40]} {[%emt 00:02:03]} Qc7 {[%clk 01:26:40]} {[%emt 00:01:07]} 9. Nxg6
{[%clk 01:30:39]} {[%emt 00:00:32]} hxg6 {[%clk 01:26:47]} {[%emt 00:00:23]}
10. Bc4 {[%clk 01:29:48]} {[%emt 00:01:20]} Bxg3 {[%clk 01:24:06]} {[%emt
00:03:11]} 11. fxg3 {[%clk 01:29:52]} {[%emt 00:00:27]} Rxh2 {[%clk 01:19:57]}
{[%emt 00:04:38]} 12. Kf2 {[%clk 01:29:46]} {[%emt 00:00:37]} Rxh1 {[%clk
01:16:48]} {[%emt 00:03:39]} 13. Qxh1 {[%clk 01:29:54]} {[%emt 00:00:21]} Nd7
{[%clk 01:12:23]} {[%emt 00:04:56]} 14. Bf4 {[%clk 01:27:28]} {[%emt 00:02:57]}
Qb6 {[%clk 01:11:52]} {[%emt 00:01:01]} 15. Rb1 {[%clk 01:26:44]} {[%emt
00:01:13]} O-O-O {[%clk 01:10:54]} {[%emt 00:01:28]} 16. Qh7 {[%clk 01:23:18]}
{[%emt 00:03:56]} Ngf6 {[%clk 01:08:41]} {[%emt 00:02:43]} 17. Qxg7 {[%clk
01:22:47]} {[%emt 00:01:01]} e5 {[%clk 01:05:44]} {[%emt 00:03:27]} 18. Bg5
{[%clk 01:22:30]} {[%emt 00:00:47]} Ne4+ {[%clk 01:05:07]} {[%emt 00:01:07]}
19. Kf1 {[%clk 01:21:23]} {[%emt 00:01:37]} Nxg5 {[%clk 01:04:18]} {[%emt
00:01:18]} 20. dxe5 {[%clk 01:21:21]} {[%emt 00:00:34]} Ne4 {[%clk 01:03:31]}
{[%emt 00:01:16]} 0-1

[Event "DVM U16 2018"]
[Site "Aurich GER"]
[Date "2018.12.28"]
[Round "4"]
[White "Krastev, Alexander"]
[Black "Bethke, Richard"]
[Result "1/2-1/2"]
[Termination "normal"]
[Board "4.1"]
[WhiteElo "2323"]
[BlackElo "2219"]
[WhiteTeam "Biebertaler SF"]
[BlackTeam "SF Neuberg"]
[PlyCount "70"]
[WhiteFideId "12989983"]
[BlackFideId "12959243"]
[EventCountry "GER"]
[EventRounds "7"]
[EventType "team-swiss"]
[EventDate "2018.12.26"]

1. Nf3 Nf6 2. g3 d5 3. Bg2 e6 4. O-O Be7 5. d3 b6 6. Nbd2 Bb7 7. Re1 O-O 8. e4
dxe4 9. Ng5 c5 10. Ndxe4 Nc6 11. Nxf6 Bxf6 12. Ne4 Be7 13. Bd2 Qd7 14. Bc3 Nd4
15. a4 e5 16. Bxd4 exd4 17. f4 Rfe8 18. Qf3 Rab8 19. Qf2 a6 20. b3 g6 21. Re2
b5 22. axb5 axb5 23. Rae1 Bxe4 24. Bxe4 f5 25. Bf3 Bf6 26. Kf1 Kf8 27. Qg2 Rxe2
28. Qxe2 Re8 29. Qxe8 Qxe8 30. Rxe8 Kxe8 31. Bc6 Kf8 32. Bxb5 Bd8 33. Ke2 Ba5
34. Kf3 Kg7 35. Bd7 Kf6 1/2-1/2

[Event "DVM U16 2018"]
[Site "Aurich GER"]
[Date "2018.12.28"]
[Round "4"]
[White "Bethke, Robert"]
[Black "Pralle, Finnegan"]
[Result "1/2-1/2"]
[Termination "normal"]
[Board "4.2"]
[WhiteElo "2000"]
[BlackElo "1864"]
[WhiteTeam "SF Neuberg"]
[BlackTeam "Biebertaler SF"]
[PlyCount "67"]
[WhiteFideId "12959251"]
[BlackFideId "12986615"]
[EventCountry "GER"]
[EventRounds "7"]
[EventType "team-swiss"]
[EventDate "2018.12.26"]

1. c4 e5 2. Nc3 Nc6 3. g3 g6 4. Bg2 Bg7 5. e3 d6 6. Nge2 Be6 7. b3 Qd7 8. Nd5
Nd8 9. h4 c6 10. Ndc3 f5 11. Bb2 Nf6 12. d4 e4 13. Nf4 Bf7 14. f3 exf3 15. Bxf3
O-O 16. Qd2 d5 17. cxd5 cxd5 18. Qg2 Ne4 19. Bxe4 fxe4 20. Kd2 Nc6 21. Rac1
Rac8 22. Ba3 Rfe8 23. Nfe2 Ne7 24. Bxe7 Qxe7 25. g4 h6 26. g5 h5 27. Rhf1 Qd6
28. Nf4 b5 29. Qh3 Qa6 30. Qd7 b4 31. Na4 Bxd4 32. Rxc8 Bc3 33. Nxc3 bxc3 34.
Rxc3  1/2-1/2

[Event "DVM U16 2018"]
[Site "Aurich GER"]
[Date "2018.12.28"]
[Round "4"]
[White "Engert, Kiyan"]
[Black "Baranyai-Molnar, Adam-Kristof"]
[Result "0-1"]
[Termination "normal"]
[Board "4.3"]
[WhiteElo "1718"]
[BlackElo "1883"]
[WhiteTeam "Biebertaler SF"]
[BlackTeam "SF Neuberg"]
[PlyCount "86"]
[WhiteFideId "16214870"]
[BlackFideId "768022"]
[EventCountry "GER"]
[EventRounds "7"]
[EventType "team-swiss"]
[EventDate "2018.12.26"]

1. d4 Nf6 2. Nf3 e6 3. e3 d5 4. Bd3 Bd6 5. O-O O-O 6. b3 b6 7. Bb2 Bb7 8. Ne5
Nbd7 9. Nd2 Rc8 10. f4 c5 11. Ndf3 Ne4 12. Nxd7 Qxd7 13. Ne5 Qe7 14. Qh5 f6 15.
Ng4 c4 16. Bxe4 dxe4 17. Rf2 c3 18. Bc1 f5 19. Ne5 Bxe5 20. fxe5 b5 21. a4 b4
22. g4 fxg4 23. Rf4 a5 24. Qxg4 Rf7 25. Rxe4 Bxe4 26. Qxe4 Rcf8 27. Qg2 Rf1+
28. Qxf1 Rxf1+ 29. Kxf1 Qf7+ 30. Ke2 Qf5 31. Ra2 Qg4+ 32. Kd3 Qd1+ 33. Kc4 Qxc1
34. Kb5 Qb1 35. Kxa5 Qxa2 36. Kxb4 Qxc2 37. a5 Qd2 38. a6 c2+ 39. Kb5 c1=R 40.
a7 Ra1 41. a8=N Rxa8 42. e4 Qc3 43. d5 Rb8+ 0-1

[Event "DVM U16 2018"]
[Site "Aurich GER"]
[Date "2018.12.28"]
[Round "4"]
[White "Emmerich, Julian"]
[Black "Engländer, Leon Arne"]
[Result "0-1"]
[Termination "normal"]
[Board "4.4"]
[WhiteElo "1241"]
[BlackElo "1729"]
[WhiteTeam "SF Neuberg"]
[BlackTeam "Biebertaler SF"]
[PlyCount "34"]
[WhiteFideId "16274822"]
[BlackFideId "12997226"]
[EventCountry "GER"]
[EventRounds "7"]
[EventType "team-swiss"]
[EventDate "2018.12.26"]

1. e4 e5 2. Nf3 Nc6 3. d4 exd4 4. Nxd4 Nf6 5. Nxc6 bxc6 6. e5 Qe7 7. Qe2 Nd5 8.
c4 Ba6 9. Qe4 Nb6 10. Nc3 Qc5 11. b3 O-O-O 12. g3 Re8 13. f4 f6 14. a3 fxe5 15.
b4 Qd4 16. Qxd4 exd4 17. Ne2 d3 0-1

[Event "DVM U16 2018"]
[Site "Aurich GER"]
[Date "2018.12.28"]
[Round "4"]
[White "Stelmaszyk, Nico"]
[Black "Runte, Moritz"]
[Result "1-0"]
[Termination "normal"]
[Board "5.1"]
[WhiteElo "1902"]
[BlackElo "1963"]
[WhiteTeam "SK Lehrte"]
[BlackTeam "SV Hemer"]
[PlyCount "103"]
[WhiteFideId "16200462"]
[BlackFideId "12991449"]
[EventCountry "GER"]
[EventRounds "7"]
[EventType "team-swiss"]
[EventDate "2018.12.26"]

1. e4 e5 2. Bc4 Nf6 3. d4 exd4 4. Nf3 Nc6 5. O-O Nxe4 6. Re1 d5 7. Bxd5 Qxd5 8.
Nc3 Qd7 9. Rxe4 Be7 10. Nxd4 f5 11. Rf4 O-O 12. Nxc6 Qxc6 13. Qd5 Qxd5 14. Nxd5
Bd6 15. Rd4 c6 16. Nf4 Be5 17. Rd1 Kf7 18. c3 Re8 19. Be3 g5 20. Ne2 f4 21. Bd4
Bc7 22. Rd2 b6 23. c4 c5 24. Bc3 Re7 25. Rad1 Be6 26. b3 Rae8 27. Kf1 f3 28.
Ng3 fxg2 29. Kxg2 h5 30. Nxh5 Kg6 31. Ng7 Rh8 32. Nxe6 Rxh2 33. Kg1 Rxe6 34.
Rd7 Bf4 35. Rxa7 Re2 36. Rg7 Kh6 37. Rd8 Re1 38. Bxe1 Kxg7 39. Rd7 Kg6 40. Bd2
Rh8 41. Bxf4 gxf4 42. Rd6 Kf5 43. Kg2 Ke4 44. Re6 Kd3 45. Rxb6 Ke4 46. Re6 Kf5
47. Re2 Rg8 48. Kf3 Rd8 49. Re7 Rd3 50. Ke2 Rc3 51. Rd7 Ke4 52. f3  1-0

[Event "DVM U16 2018"]
[Site "Aurich GER"]
[Date "2018.12.28"]
[Round "4"]
[White "Leonard, Timo"]
[Black "Meiwes, Thore"]
[Result "1-0"]
[Termination "normal"]
[Board "5.2"]
[WhiteElo "1833"]
[BlackElo "1959"]
[WhiteTeam "SV Hemer"]
[BlackTeam "SK Lehrte"]
[PlyCount "83"]
[WhiteFideId "16208757"]
[BlackFideId "16201256"]
[EventCountry "GER"]
[EventRounds "7"]
[EventType "team-swiss"]
[EventDate "2018.12.26"]

1. d4 Nf6 2. Nf3 d5 3. g3 e6 4. Bg2 Be7 5. c4 O-O 6. O-O dxc4 7. Qc2 a6 8. Qxc4
b5 9. Qc2 Bb7 10. Bd2 Be4 11. Qc1 c6 12. Rd1 Qb6 13. Nc3 Bg6 14. a3 Nbd7 15. b4
Rfc8 16. Qb2 Ne4 17. Be3 Ndf6 18. Nxe4 Bxe4 19. d5 c5 20. dxe6 fxe6 21. Rac1
Nd5 22. bxc5 Bxc5 23. Bxc5 Rxc5 24. Rxc5 Qxc5 25. Qe5 Kh8 26. Qxe4 Rf8 27. Qxe6
Nc3 28. Rd7 Qxa3 29. Qe5 Rg8 30. Bh3 Qb2 31. Kg2 Qxe2 32. Qxc3 b4 33. Qxb4 a5
34. Qxa5 Rf8 35. Qd5 h6 36. Rd8 Qxf3 37. Qxf3 Rxd8 38. Qh5 Rf8 39. Bf5 Kg8 40.
Qg6 Rf6 41. Qe8 Rf8 42. Be6  1-0